[Event "SRB-chT2 East"]
[Site "Vrnjacka Banja"]
[Date "2015.10.09"]
[Round "7.27"]
[White "Pavlovic, Milan R"]
[Black "Petrovic, Tijana"]
[Result "1-0"]
[WhiteElo "1792"]
[BlackElo "1769"]
[PlyCount "79"]
[EventDate "2015.08.28"]
[EventType "team-tourn"]
[EventRounds "11"]
[EventCountry "SRB"]
[SourceTitle "EXT 2022"]
[Source "ChessBase"]
[SourceDate "2021.10.06"]
[SourceVersion "1"]
[SourceVersionDate "2021.10.06"]
[SourceQuality "1"]

1. e4 c5 2. Nf3 d6 3. Bb5+ Nd7 4. d4 cxd4 5. Nxd4 Ngf6 6. Nc3 a6 7. Bxd7+ Bxd7 8. Be3 g6 9. Qd2 Ng4 10. Nb3 Bg7 11. Bd4 Nf6 12. e5 dxe5 13. Bxe5 0-0 14. Rd1 Bc6 15. f3 Qxd2+ 16. Rxd2 Bh6 17. Rd3 Nd7 18. Bg3 Rac8 19. 0-0 b5 20. Re1 b4 21. Nd5 Bxd5 22. Rxd5 Nb6 23. Rd4 Rxc2 24. Rxb4 Nd5 25. Ra4 Ra8 26. Be5 Ne3 27. g3 Rg2+ 28. Kh1 Rf2 29. f4 Ng4 30. h4 Rc8 31. Bc3 Bg7 32. Rc1 Rd8 33. Nd4 Rd6 34. Kg1 e5 35. fxe5 Bxe5 36. Nb3 Bxg3 37. Rxg4 Rf3 38. Kg2 Rdd3 39. Rf1 Rfe3 40. Nc1 1-0